ELEMENTARY TECHNICAL MATHEMATICS (Record no. 216308)

MARC details
000 -LEADER
fixed length control field 00438nam a22001697a 4500
008 - FIXED-LENGTH DATA ELEMENTS--GENERAL INFORMATION
fixed length control field 251127b |||||||| |||| 00| 0 eng d
020 ## - INTERNATIONAL STANDARD BOOK NUMBER
International Standard Book Number 13:978-1-285-19919-1
050 ## - LIBRARY OF CONGRESS CALL NUMBER
Classification number QA 39.2.E94 2015
100 ## - MAIN ENTRY--PERSONAL NAME
Personal name EWEN DALE
245 ## - TITLE STATEMENT
Title ELEMENTARY TECHNICAL MATHEMATICS
260 ## - PUBLICATION, DISTRIBUTION, ETC.
Place of publication, distribution, etc. AUSTRALIA
Name of publisher, distributor, etc. CENGAGE
Date of publication, distribution, etc. 2015
300 ## - PHYSICAL DESCRIPTION
Extent X,613
500 ## - GENERAL NOTE
General note INCLUDES AN INDEX
700 ## - ADDED ENTRY--PERSONAL NAME
Personal name NELSON ROBERT C.
942 ## - ADDED ENTRY ELEMENTS (KOHA)
Source of classification or shelving scheme Library of Congress Classification
Koha item type Long Loan Book
Holdings
Withdrawn status Lost status Source of classification or shelving scheme Damaged status Not for loan Collection Home library Current library Shelving location Date acquired Inventory number Total checkouts Full call number Barcode Date last seen Copy number Price effective from Koha item type
    Library of Congress Classification     Science & Technology Kisii University Library Kisii University Library On Display 11/27/2025 110207   QA 39.2.E94 2015 000000008084 11/27/2025 C.3 11/27/2025 Long Loan Book
    Library of Congress Classification     Science & Technology Kisii University Library Kisii University Library On Display 11/27/2025 110208   QA 39.2.E94 2015 000000013222 11/27/2025 C.4 11/27/2025 Long Loan Book
    Library of Congress Classification     Science & Technology Kisii University Library Kisii University Library On Display 11/27/2025 110209   QA 39.2.E94 2015 000000013221 11/27/2025 C.5 11/27/2025 Long Loan Book
    Library of Congress Classification     Science & Technology Kisii University Library Kisii University Library On Display 11/27/2025 110210   QA 39.2.E94 2015 000000013220 11/27/2025 C.6 11/27/2025 Long Loan Book